000 01700nac a22002651u 4500
020 _a1844800881
082 _a658
090 _c207
_d207
100 _aCole, Gerald
245 _aManagement theory and practice/
_cGerald Cole
250 _a6th ed.
260 _aAustralia
_bThomson
_c2004
650 _aManagement
942 _cTB
_k658C6891
999 _c207
_d207